00870cam a22002777a 4500003000500000005001700005008004100022010001100063011001100074020001800085035001100103040000900114082002100123110000800144245015300152260002300305300003900328490004900367650001300416650002800429650001400457650002600471650002500497700002100522830004900543CHAP20220817044413.0101201s2007 it a rn 00010 eng d a100017 a100989 a9789251057810 a111675 cCHAP04a634.98bF3y v.182 aFAO10aWorld bamboo resources :ba thematic study prepared in the framework of the Global Forest Resources Assessment 2005c/by Maxim Lobovikov ...[et al.] aRome :bFAO,c2007 axii, 73 p. :bilus., mapas, tablas 0aFAO. Productos forestales no madererosv; 1814aBambú.14aComercio internacional.14aEspecies.14aProductos forestales.14aRecursos forestales.1 aLobovikov, Maxim 0aFAO. Productos forestales no madererosv; 18